[Event "Veletrzni turnaj 2017 A "]
[Site "SÅ  informatiky, poÅ¡tovnictvÃ"]
[Date "2017.08.28"]
[Round "3.10"]
[White "Meszaros, Ludek"]
[Black "Glozar, Petr"]
[Result "0-1"]
[WhiteElo "2170"]
[BlackElo "1740"]
[PlyCount "100"]
[EventDate "2017.08.27"]

1. e4 c5 2. Nf3 Nc6 3. Bb5 g6 4. O-O Bg7 5. Re1 d6 6. h3 Nf6 7. c3 O-O 8. d4
cxd4 9. cxd4 d5 10. e5 Nd7 11. Nc3 a6 12. Bf1 Nb6 13. Bg5 Bf5 14. b3 Rc8 15.
Rc1 f6 16. exf6 exf6 17. Bf4 Re8 18. Qd2 Qd7 19. g4 Be6 20. Bh6 Bf7 21. Bxg7
Kxg7 22. Ne2 Re4 23. Ng3 Rxe1 24. Rxe1 Re8 25. Rxe8 Qxe8 26. g5 Nd7 27. h4 Qe7
28. h5 Be6 29. Qf4 fxg5 30. Nxg5 Nf6 31. h6+ Kg8 32. Nxe6 Qxe6 33. Qc7 Qe7 34.
Qc8+ Kf7 35. Ne2 Ne4 36. Bg2 Nf6 37. Kf1 Qb4 38. Qh8 Qf8 39. Bxd5+ Nxd5 40.
Qxh7+ Kf6 41. Qxb7 Nce7 42. Qxa6+ Kg5 43. h7 Qh6 44. f4+ Kf5 45. Qd3+ Kf6 46.
Kg2 Qxh7 47. Qh3 Qg8 48. Qd7 Qa8 49. Qd6+ Kf7 50. Kh3 Ne3 0-1

[Event "Veletrzni turnaj 2017 A "]
[Site "SÅ  informatiky, poÅ¡tovnictvÃ"]
[Date "2017.08.28"]
[Round "3.11"]
[White "Wunsch, Radek"]
[Black "Tikovsky, Alexandr"]
[Result "0-1"]
[WhiteElo "1734"]
[BlackElo "2168"]
[PlyCount "46"]
[EventDate "2017.08.27"]

1. e4 g6 2. d4 Bg7 3. Nc3 a6 4. Be3 d6 5. Bd3 b5 6. f4 Bb7 7. Nf3 Nd7 8. O-O c5
9. e5 cxd4 10. Bxd4 dxe5 11. Nxe5 Ngf6 12. f5 O-O 13. fxg6 hxg6 14. Nxf7 Rxf7
15. Bxg6 Rf8 16. Qe2 e5 17. Bxe5 Qb6+ 18. Kh1 Nxe5 19. Qxe5 Ng4 20. Qh5 Rxf1+
21. Rxf1 Nf2+ 22. Rxf2 Qxf2 23. Bh7+ Kf8 0-1

[Event "Veletrzni turnaj 2017 A "]
[Site "SÅ  informatiky, poÅ¡tovnictvÃ"]
[Date "2017.08.28"]
[Round "3.12"]
[White "Nezval, Filip"]
[Black "Krejci, Petr"]
[Result "0-1"]
[WhiteElo "1640"]
[BlackElo "2077"]
[PlyCount "42"]
[EventDate "2017.08.27"]

1. d4 d5 2. c4 dxc4 3. Nf3 Nf6 4. e3 e6 5. Bxc4 c5 6. O-O a6 7. a4 Nbd7 8. Nc3
Be7 9. Qe2 cxd4 10. Nxd4 Ne5 11. Bb3 Bd7 12. Rd1 Qc7 13. Bc2 Rc8 14. Bb3 h5 15.
Bd2 Neg4 16. Nf3 Bc6 17. h3 g5 18. g3 h4 19. e4 hxg3 20. hxg4 gxf2+ 21. Qxf2
Bc5 0-1

[Event "Veletrzni turnaj 2017 A "]
[Site "SÅ  informatiky, poÅ¡tovnictvÃ"]
[Date "2017.08.28"]
[Round "3.13"]
[White "Habina, Martin"]
[Black "Haupt, Jaromir"]
[Result "1-0"]
[WhiteElo "1972"]
[BlackElo "1728"]
[PlyCount "51"]
[EventDate "2017.08.27"]

1. e4 d6 2. d4 Nf6 3. Nc3 g6 4. Bg5 c6 5. f4 Bg7 6. Nf3 Bg4 7. h3 Bxf3 8. Qxf3
Nfd7 9. O-O-O f6 10. Bh4 b5 11. Bd3 b4 12. Ne2 Nb6 13. f5 N8d7 14. Rhe1 Qc7 15.
Kb1 c5 16. Nf4 Nf8 17. Bb5+ Kd8 18. e5 cxd4 19. exf6 Bxf6 20. Bxf6 Rg8 21. Rxe7
Qxe7 22. Bxe7+ Kxe7 23. fxg6 Nxg6 24. Nxg6+ hxg6 25. Re1+ Kd8 26. Qf7 1-0

[Event "Veletrzni turnaj 2017 A "]
[Site "SÅ  informatiky, poÅ¡tovnictvÃ"]
[Date "2017.08.28"]
[Round "3.14"]
[White "Richterova, Julie"]
[Black "Licka, Vlastimil"]
[Result "1/2-1/2"]
[WhiteElo "1715"]
[BlackElo "1931"]
[PlyCount "62"]
[EventDate "2017.08.27"]

1. d4 Nf6 2. c4 d6 3. Nc3 Bf5 4. Nf3 c6 5. e3 Nbd7 6. Be2 Qc7 7. O-O e5 8. dxe5
dxe5 9. b3 Bb4 10. Bb2 Rd8 11. Qc1 O-O 12. Rd1 Bd6 13. h3 Rfe8 14. Rd2 Nc5 15.
Ba3 Nfe4 16. Nxe4 Nxe4 17. Bxd6 Rxd6 18. Rxd6 Qxd6 19. Qd1 Qf6 20. Qe1 Qe7 21.
Rd1 h6 22. Bd3 b6 23. Bb1 f6 24. Nd2 Nd6 25. Bxf5 Nxf5 26. Ne4 Rd8 27. Rxd8+
Qxd8 28. Qd2 Qxd2 29. Nxd2 Kf7 30. Kf1 Ke6 31. Ke2 Nd6 1/2-1/2

[Event "Veletrzni turnaj 2017 A "]
[Site "SÅ  informatiky, poÅ¡tovnictvÃ"]
[Date "2017.08.28"]
[Round "3.15"]
[White "Strelec, Ladislav"]
[Black "Hruza, Dominik"]
[Result "0-1"]
[WhiteElo "1551"]
[BlackElo "1841"]
[PlyCount "72"]
[EventDate "2017.08.27"]

1. d4 d5 2. c4 c6 3. Nc3 Nf6 4. Nf3 a6 5. e3 e6 6. a3 b5 7. c5 g6 8. Ne5 Bg7 9.
Be2 Ne4 10. Nxe4 dxe4 11. O-O f6 12. Ng4 h5 13. Qc2 hxg4 14. Qxe4 f5 15. Qf4
Bb7 16. f3 gxf3 17. Rxf3 Qh4 18. Qxh4 Rxh4 19. Bd2 Nd7 20. Raf1 Nf6 21. Be1 Rh7
22. Bd3 Rd8 23. Bg3 Bc8 24. Bf4 Nd5 25. Bd6 Bf8 26. Bg3 g5 27. h3 Bg7 28. Bh2
Nxe3 29. Re1 Bxd4 30. Kh1 Bxc5 31. Rexe3 Bxe3 32. Rxe3 f4 33. Rf3 Rh6 34. Kg1
e5 35. Kf1 g4 36. Be4 gxf3 0-1

[Event "Veletrzni turnaj 2017 A "]
[Site "SÅ  informatiky, poÅ¡tovnictvÃ"]
[Date "2017.08.28"]
[Round "3.16"]
[White "Tajovsky, Simon"]
[Black "Rehurek, Karel"]
[Result "0-1"]
[WhiteElo "1293"]
[BlackElo "1826"]
[PlyCount "70"]
[EventDate "2017.08.27"]

1. d4 Nf6 2. c4 g6 3. Nc3 d5 4. cxd5 Nxd5 5. e4 Nxc3 6. bxc3 Bg7 7. Nf3 O-O 8.
Bd3 c5 9. Be3 Nc6 10. d5 Bxc3+ 11. Bd2 Bxa1 12. Qxa1 f6 13. O-O Nb4 14. Bc4 Qd6
15. a3 Nc2 16. Qb2 Nd4 17. Nxd4 cxd4 18. Bb4 Qb6 19. d6+ e6 20. Qa2 Re8 21. Rc1
a5 22. Bd2 Qxd6 23. a4 Kg7 24. Rd1 e5 25. Bd5 Be6 26. Bxe6 Qxe6 27. Qc2 Rec8
28. Qb2 b6 29. Rb1 Rab8 30. Qb5 Qc6 31. Qxc6 Rxc6 32. Bxa5 bxa5 33. Rd1 Rbc8
34. f3 Rc1 35. Rxc1 Rxc1+ 0-1

[Event "Veletrzni turnaj 2017 A "]
[Site "SÅ  informatiky, poÅ¡tovnictvÃ"]
[Date "2017.08.28"]
[Round "3.18"]
[White "Feldvabl, Vilem"]
[Black "Chudinovskikh, Alexander M"]
[Result "0-1"]
[WhiteElo "1658"]
[BlackElo "2229"]
[PlyCount "55"]
[EventDate "2017.08.27"]

1. d4 Nf6 2. Nf3 c5 3. c3 e6 4. Bf4 Qb6 5. Qb3 Nc6 6. e3 cxd4 7. Qxb6 axb6 8.
exd4 d6 9. a3 Be7 10. Bd3 Nd5 11. Bg3 Bd7 12. Nbd2 f5 13. h3 g5 14. Nc4 f4 15.
Bh2 b5 16. Ncd2 Na5 17. c4 bxc4 18. Nxc4 Nb3 19. Rb1 b5 20. Ncd2 Nxd2 21. Nxd2
Kf7 22. g3 Ra4 23. gxf4 Rxd4 24. Be4 Nxf4 25. Bxf4 gxf4 26. Bf3 Rc8 27. Bh5+
Kf6 28. Nf1 0-1

[Event "Veletrzni turnaj 2017 A "]
[Site "SÅ  informatiky, poÅ¡tovnictvÃ"]
[Date "2017.08.28"]
[Round "3.19"]
[White "Koci, Milos"]
[Black "Cihal, Jan"]
[Result "1/2-1/2"]
[WhiteElo "1302"]
[BlackElo "1832"]
[PlyCount "54"]
[EventDate "2017.08.27"]

1. d4 f5 2. g3 Nf6 3. Bg2 g6 4. Nf3 Bg7 5. O-O O-O 6. c4 c6 7. Nc3 d6 8. b3 Qe8
9. e3 h6 10. Bb2 Nbd7 11. Re1 Qf7 12. Qc2 Re8 13. Rad1 Nf8 14. d5 Bd7 15. Qc1
Rab8 16. Bf1 Rec8 17. Bg2 cxd5 18. Nxd5 Nxd5 19. Bxg7 Kxg7 20. Rxd5 Bc6 21.
Qb2+ Qf6 22. Qxf6+ Kxf6 23. Rd2 Ne6 24. Nd4 Bxg2 25. Kxg2 Nc5 26. f3 a6 27. h4
Re8 1/2-1/2

[Event "Veletrzni turnaj 2017 A "]
[Site "SÅ  informatiky, poÅ¡tovnictvÃ"]
[Date "2017.08.28"]
[Round "3.20"]
[White "Pelikan, Jaromir"]
[Black "Vavrinkova, Anna"]
[Result "1-0"]
[WhiteElo "1822"]
[BlackElo "1596"]
[PlyCount "79"]
[EventDate "2017.08.27"]

1. d4 d5 2. Nf3 Nf6 3. c4 c6 4. Nc3 a6 5. a4 e6 6. g3 Bd6 7. b3 O-O 8. Bg2 Nbd7
9. O-O Re8 10. Bb2 Nf8 11. Qc2 Ng6 12. e4 dxe4 13. Nxe4 Nxe4 14. Qxe4 Qc7 15.
Ne5 Nxe5 16. dxe5 Bc5 17. Rad1 Bd7 18. Bd4 Bxd4 19. Rxd4 c5 20. Rd6 Bc6 21. Qd3
Bxg2 22. Kxg2 Rad8 23. Rd1 Rxd6 24. Qxd6 Qxd6 25. exd6 Rd8 26. Kf3 Kf8 27. Ke4
f6 28. g4 Ke8 29. b4 cxb4 30. c5 Kd7 31. a5 Kc6 32. Kd4 Kb5 33. Re1 e5+ 34. Kd5
Rd7 35. Rb1 h6 36. Ke6 Kc6 37. Rxb4 Rd8 38. Ke7 Rb8 39. Rb6+ Kxc5 40. d7 1-0

[Event "Veletrzni turnaj 2017 A "]
[Site "SÅ  informatiky, poÅ¡tovnictvÃ"]
[Date "2017.08.28"]
[Round "3.21"]
[White "Blazek, Pavel"]
[Black "Prokop, Jiri"]
[Result "1/2-1/2"]
[WhiteElo "1749"]
[BlackElo "1701"]
[PlyCount "118"]
[EventDate "2017.08.27"]

1. Nf3 f5 2. e4 fxe4 3. Ng5 Nf6 4. d3 e5 5. dxe4 c6 6. Bd3 Be7 7. Nc3 Bb4 8.
O-O Bxc3 9. bxc3 h6 10. Nf3 d6 11. Re1 Be6 12. Be2 Bf7 13. Nd2 O-O 14. Bc4 b5
15. Bxf7+ Rxf7 16. a4 a5 17. Nb3 Qc7 18. Qe2 b4 19. cxb4 axb4 20. Bd2 c5 21.
Qc4 Nc6 22. a5 Kf8 23. c3 Qb7 24. cxb4 Nxb4 25. Ra4 Qa6 26. Qc3 Rb8 27. Nxc5
Qc8 28. Rxb4 Rxb4 29. Qxb4 dxc5 30. Qc4 Qc6 31. f3 Ra7 32. Rb1 Nd7 33. Qd5 Qxd5
34. exd5 Ke7 35. Bc3 Kd6 36. Rd1 Nf6 37. Kf2 Nxd5 38. Kg3 Ke6 39. Be1 Ne3 40.
Rc1 Kd5 41. Bf2 Nf5+ 42. Kg4 Nd4 43. Be1 Ra6 44. Rb1 Rg6+ 45. Kh3 Ne2 46. g3
Nd4 47. f4 exf4 48. gxf4 Ke4 49. Rb6 Rxb6 50. axb6 Nc6 51. Kg4 c4 52. b7 Kd3
53. Kh5 c3 54. Bxc3 Kxc3 55. Kg6 Kd4 56. f5 Ke5 57. h4 h5 58. Kg5 Nb8 59. Kxh5
Kxf5 1/2-1/2

[Event "Veletrzni turnaj 2017 A "]
[Site "SÅ  informatiky, poÅ¡tovnictvÃ"]
[Date "2017.08.28"]
[Round "3.22"]
[White "Richter, Rudolf"]
[Black "Fryda, Dominik"]
[Result "0-1"]
[WhiteElo "1251"]
[BlackElo "1755"]
[PlyCount "62"]
[EventDate "2017.08.27"]

1. e4 c6 2. d4 d5 3. Nc3 dxe4 4. Nxe4 Bf5 5. Ng3 Bg6 6. Nf3 Nd7 7. Bf4 e6 8.
Bd3 Qa5+ 9. c3 Ngf6 10. O-O Be7 11. Re1 O-O 12. Qd2 Nd5 13. Ne5 Bxd3 14. Nxd3
Nxf4 15. Qxf4 Qb5 16. Rad1 Rad8 17. b3 Qa5 18. Qd2 Nf6 19. Ne4 Qc7 20. Nxf6+
Bxf6 21. Qf4 Qa5 22. Qd2 Rd5 23. Nb4 Rd6 24. Qf4 Rfd8 25. Rd3 c5 26. Nc2 cxd4
27. cxd4 Qxa2 28. Rc3 Qa5 29. Rc4 b5 30. Rb4 Qb6 31. Rd1 a5 0-1

[Event "Veletrzni turnaj 2017 A "]
[Site "SÅ  informatiky, poÅ¡tovnictvÃ"]
[Date "2017.08.28"]
[Round "3.23"]
[White "Dvorakova, Olga"]
[Black "Ivan, Laszlo"]
[Result "1-0"]
[WhiteElo "1678"]
[BlackElo "1482"]
[PlyCount "51"]
[EventDate "2017.08.27"]

1. d4 e6 2. c4 d5 3. Nf3 Nf6 4. Nc3 Nbd7 5. cxd5 exd5 6. Bg5 c6 7. e3 Qa5 8.
Bxf6 Nxf6 9. Bd3 Bb4 10. Qc2 O-O 11. O-O b6 12. Ne2 Ba6 13. a3 Bd6 14. Nc3 Bxd3
15. Qxd3 c5 16. dxc5 Qxc5 17. Rfc1 Qc6 18. Rc2 Qd7 19. Rac1 Rac8 20. Ne2 Rc7
21. Rxc7 Bxc7 22. Qc2 Rc8 23. Ng3 Ne4 24. Ne5 Qb5 25. Nc6 Qc5 26. Qxc5 1-0

[Event "Veletrzni turnaj 2017 A "]
[Site "SÅ  informatiky, poÅ¡tovnictvÃ"]
[Date "2017.08.28"]
[Round "3.24"]
[White "Khadash, Kamil"]
[Black "Zejda, Karel"]
[Result "1/2-1/2"]
[WhiteElo "1540"]
[BlackElo "1671"]
[PlyCount "99"]
[EventDate "2017.08.27"]

1. e4 c5 2. Nc3 d6 3. Bb5+ Nd7 4. f4 a6 5. Bxd7+ Bxd7 6. Nf3 e6 7. O-O Ne7 8.
Qe1 g6 9. e5 d5 10. h3 Bg7 11. Rb1 O-O 12. b4 cxb4 13. Rxb4 Rb8 14. Ba3 Re8 15.
Rb3 Nc8 16. Qf2 b5 17. Ne2 a5 18. Bc5 Bc6 19. g4 Qd7 20. Ng3 Bf8 21. Bxf8 Rxf8
22. h4 Qe7 23. g5 Qa7 24. d4 b4 25. h5 Ba4 26. Re3 Bb5 27. Rd1 Ne7 28. Qh2 Rbc8
29. Rd2 Rc7 30. Qh3 Nf5 31. Nxf5 exf5 32. Rh2 Rfc8 33. hxg6 fxg6 34. e6 Re7 35.
Re5 Rce8 36. Rxd5 Bc6 37. Rc5 Bxf3 38. Qxf3 Rxe6 39. Qd5 Qf7 40. Rf2 Re1+ 41.
Kg2 Qxd5+ 42. Rxd5 Ra8 43. Rd7 Ra1 44. Re2 Rxa2 45. Ree7 Rxc2+ 46. Kg3 Rc3+ 47.
Kg2 Rc2+ 48. Kh3 Rac8 49. Rg7+ Kf8 50. Rdf7+ 1/2-1/2

[Event "Veletrzni turnaj 2017 A "]
[Site "SÅ  informatiky, poÅ¡tovnictvÃ"]
[Date "2017.08.28"]
[Round "3.25"]
[White "Vaculik, Martin"]
[Black "Tajovsky, Matej"]
[Result "0-1"]
[WhiteElo "1400"]
[BlackElo "1657"]
[PlyCount "50"]
[EventDate "2017.08.27"]

1. d4 d5 2. c4 Nc6 3. Nc3 Nf6 4. cxd5 Nxd5 5. e4 Nf6 6. d5 Ne5 7. f4 Ng6 8.
Bb5+ Bd7 9. Bxd7+ Nxd7 10. Nf3 e6 11. dxe6 fxe6 12. O-O Bc5+ 13. Kh1 O-O 14.
Qb3 Re8 15. Ng5 Qe7 16. Qxb7 Bb6 17. Na4 h6 18. Nh3 Qd6 19. e5 Qd4 20. Nxb6
cxb6 21. Qf3 Rf8 22. Rd1 Qc4 23. Qd3 Ndxe5 24. Qb1 Nh4 25. fxe5 Rf1+ 0-1

[Event "Veletrzni turnaj 2017 A "]
[Site "SÅ  informatiky, poÅ¡tovnictvÃ"]
[Date "2017.08.29"]
[Round "4.1"]
[White "Mikes, Jan"]
[Black "Hajek, Oskar"]
[Result "1/2-1/2"]
[WhiteElo "2253"]
[BlackElo "2116"]
[PlyCount "53"]
[EventDate "2017.08.27"]

1. e4 d6 2. d4 Nf6 3. Nc3 e5 4. Nf3 Nbd7 5. Bc4 Be7 6. a4 a5 7. O-O O-O 8. h3
c6 9. Re1 Nb6 10. Ba2 Nfd7 11. Be3 exd4 12. Nxd4 Nc5 13. Qh5 Nbxa4 14. Nxa4
Nxa4 15. Nf3 Nc5 16. Ng5 Bxg5 17. Bxg5 Qc7 18. Bf4 Nd7 19. Rad1 Ne5 20. Re3 Be6
21. Bxe6 fxe6 22. Bxe5 dxe5 23. Red3 Qb6 24. Qxe5 Rxf2 25. Qxe6+ Kh8 26. Kh1
Raf8 27. Qe5 1/2-1/2

[Event "Veletrzni turnaj 2017 A "]
[Site "SÅ  informatiky, poÅ¡tovnictvÃ"]
[Date "2017.08.29"]
[Round "4.2"]
[White "Snorek, Milan"]
[Black "Hosek, Martin"]
[Result "1/2-1/2"]
[WhiteElo "1984"]
[BlackElo "2122"]
[PlyCount "166"]
[EventDate "2017.08.27"]

1. d4 Nf6 2. Nf3 g6 3. c4 Bg7 4. Nc3 d5 5. Bg5 Ne4 6. cxd5 Nxg5 7. Nxg5 e6 8.
Nf3 exd5 9. b4 O-O 10. Qb3 Be6 11. e3 Nd7 12. Rd1 a5 13. b5 c5 14. bxc6 bxc6
15. Be2 Rb8 16. Qa3 Re8 17. O-O Bf8 18. Qa4 Rb4 19. Qc2 Qb8 20. Rb1 c5 21. a3
Bf5 22. Bd3 Bxd3 23. Qxd3 c4 24. Qc2 Rb3 25. a4 Nf6 26. Nd2 Rb4 27. h3 Qd6 28.
Rfe1 Qc6 29. e4 Rxb1 30. Qxb1 dxe4 31. Ndxe4 Nxe4 32. d5 Qd7 33. Nxe4 Bg7 34.
Qb5 Qxb5 35. axb5 Rd8 36. b6 c3 37. b7 c2 38. Rc1 Rb8 39. Nc5 Bd4 40. Rxc2 Bxc5
41. Rxc5 Rxb7 42. Rxa5 Kg7 43. g4 g5 44. Kg2 Kf6 45. Kg3 Ke5 46. d6+ Kxd6 47.
Rxg5 f6 48. Rf5 Ke6 49. h4 Rg7 50. h5 Ra7 51. f3 Rb7 52. Ra5 Kf7 53. Ra4 Ke6
54. Kf4 Rc7 55. Ra6+ Kf7 56. Ra5 Ke6 57. Rf5 Rc4+ 58. Kg3 Rc1 59. Rf4 Rg1+ 60.
Kf2 Ra1 61. Rd4 Ra3 62. Rd8 Ra7 63. Rg8 Kf7 64. Rh8 Kg7 65. Re8 Kf7 66. Re4 Ra3
67. Kg3 Ra5 68. Rc4 Ra7 69. Kf4 Rb7 70. g5 Kg7 71. gxf6+ Kxf6 72. Rc6+ Kg7 73.
Rc5 Kf6 74. Rc4 Ra7 75. Rc8 Ra4+ 76. Kg3 Kg5 77. Rc5+ Kf6 78. f4 Ra7 79. Rg5
Ra1 80. Rb5 Rh1 81. Kg2 Rh4 82. Kf3 Rh1 83. Kf2 Rh4 1/2-1/2

[Event "Veletrzni turnaj 2017 A "]
[Site "SÅ  informatiky, poÅ¡tovnictvÃ"]
[Date "2017.08.29"]
[Round "4.3"]
[White "Zuziak, Petr"]
[Black "Romanov, Sergey"]
[Result "0-1"]
[WhiteElo "1905"]
[BlackElo "2111"]
[PlyCount "90"]
[EventDate "2017.08.27"]

1. d4 d5 2. Nf3 Nf6 3. e3 c5 4. b3 cxd4 5. exd4 Bg4 6. Bd3 Nc6 7. Bb2 e6 8. h3
Bh5 9. Nbd2 Bd6 10. O-O Rc8 11. a3 O-O 12. Qe1 Bb8 13. Ne5 Nxe5 14. dxe5 Nd7
15. b4 a5 16. Bd4 Qc7 17. f4 Bg6 18. Rc1 axb4 19. axb4 Nb6 20. Nf3 Nc4 21. Ng5
Rfe8 22. Qh4 h6 23. Bxg6 fxg6 24. Nf3 Qf7 25. Qg3 Bc7 26. c3 Ra8 27. Rc2 Ra3
28. Nd2 Nxd2 29. Rxd2 Rea8 30. Qd3 Qe8 31. Qc2 b5 32. g4 R8a6 33. Re2 Bb6 34.
Bxb6 Rxb6 35. f5 gxf5 36. gxf5 Rc6 37. fxe6 Raxc3 38. Qf5 Rxe6 39. Rg2 Re3 40.
Qg4 Qe7 41. Ra1 R3xe5 42. Ra8+ Kh7 43. Re8 Re1+ 44. Kh2 Qc7+ 45. Rg3 Rxe8 0-1

[Event "Veletrzni turnaj 2017 A "]
[Site "SÅ  informatiky, poÅ¡tovnictvÃ"]
[Date "2017.08.29"]
[Round "4.4"]
[White "Hrdlicka, Vladan"]
[Black "Pribyl, Rene"]
[Result "0-1"]
[WhiteElo "1781"]
[BlackElo "1988"]
[PlyCount "94"]
[EventDate "2017.08.27"]

1. e4 e5 2. Nf3 Nf6 3. d4 Nxe4 4. dxe5 d5 5. Bd3 Nc5 6. Nc3 Nxd3+ 7. Qxd3 c6 8.
Bg5 Be7 9. h4 Bg4 10. Nh2 Bxg5 11. Nxg4 Bxh4 12. g3 Be7 13. O-O-O Qc8 14. Ne3
g6 15. Qd4 Qe6 16. f4 Nd7 17. Ncxd5 cxd5 18. Nxd5 Bd8 19. Kb1 Nb6 20. Nf6+ Bxf6
21. exf6 O-O 22. f5 Qxf5 23. Qh4 g5 24. Qd4 Rac8 25. Rd2 Rc6 26. Rf2 Qd5 27.
Qxd5 Nxd5 28. Rf5 Nxf6 29. Rxg5+ Kh8 30. Rb5 b6 31. a4 Rg8 32. Rg1 Rg4 33. a5
Kg7 34. axb6 axb6 35. Kc1 Kg6 36. c3 h5 37. Kd1 Ne4 38. Re5 Nxg3 39. Re8 f5 40.
b4 Rxc3 41. Re6+ Kg5 42. Rxb6 h4 43. Rd6 Rxb4 44. Kd2 Ra3 45. Rc6 Rb2+ 46. Rc2
Rxc2+ 47. Kxc2 h3 0-1

[Event "Veletrzni turnaj 2017 A "]
[Site "SÅ  informatiky, poÅ¡tovnictvÃ"]
[Date "2017.08.29"]
[Round "4.5"]
[White "Tikovsky, Alexandr"]
[Black "Spodny, Josef"]
[Result "1-0"]
[WhiteElo "2168"]
[BlackElo "1889"]
[PlyCount "91"]
[EventDate "2017.08.27"]

1. d4 Nf6 2. Bf4 d5 3. e3 Bf5 4. c4 c6 5. Nc3 e6 6. Qb3 Qb6 7. c5 Qxb3 8. axb3
Nbd7 9. b4 Nh5 10. Bc7 Be7 11. h3 Nhf6 12. b5 cxb5 13. Nxb5 a6 14. Nd6+ Bxd6
15. Bxd6 Ne4 16. Bh2 O-O 17. f3 Nexc5 18. dxc5 Nxc5 19. b4 Nd7 20. Ne2 Rfc8 21.
g4 Bg6 22. Nf4 Rc3 23. Nxg6 hxg6 24. Kd2 Rb3 25. Bd3 Rb2+ 26. Kc3 Rf2 27. Raf1
Rc8+ 28. Kb3 Rd2 29. Rd1 Rf2 30. Rdf1 Rd2 31. Rd1 Rf2 32. f4 Nb6 33. Bg1 Rg2
34. Rh2 Rxh2 35. Bxh2 Nc4 36. Bg1 b5 37. e4 a5 38. bxa5 Nxa5+ 39. Kb4 dxe4 40.
Bb1 Nc6+ 41. Kxb5 f5 42. Ba2 Kf7 43. Rd7+ Ne7 44. Bc5 Rb8+ 45. Kc4 Re8 46. g5
1-0

[Event "Veletrzni turnaj 2017 A "]
[Site "SÅ  informatiky, poÅ¡tovnictvÃ"]
[Date "2017.08.29"]
[Round "4.6"]
[White "Hruza, Dominik"]
[Black "Pokorny, Petr"]
[Result "1/2-1/2"]
[WhiteElo "1841"]
[BlackElo "2160"]
[PlyCount "35"]
[EventDate "2017.08.27"]

1. e4 e5 2. Nf3 Nf6 3. Nxe5 d6 4. Nf3 Nxe4 5. Qe2 Qe7 6. d3 Nf6 7. Bg5 Qxe2+ 8.
Bxe2 Be7 9. Nc3 c6 10. O-O-O Na6 11. Rhe1 Nc7 12. Ne4 Nxe4 13. dxe4 Ne6 14.
Bxe7 Kxe7 15. e5 d5 16. c4 dxc4 17. Bxc4 Rd8 18. g3 1/2-1/2

[Event "Veletrzni turnaj 2017 A "]
[Site "SÅ  informatiky, poÅ¡tovnictvÃ"]
[Date "2017.08.29"]
[Round "4.7"]
[White "Krejci, Petr"]
[Black "Veznik, Michael"]
[Result "0-1"]
[WhiteElo "2077"]
[BlackElo "1797"]
[PlyCount "94"]
[EventDate "2017.08.27"]

1. Nf3 b6 2. g3 Bb7 3. Bg2 e5 4. d3 d6 5. e4 g6 6. Nc3 Bg7 7. Bg5 f6 8. Be3 Ne7
9. Qd2 c5 10. Bh6 O-O 11. h4 Na6 12. Bxg7 Kxg7 13. g4 Nc7 14. g5 f5 15. h5 Ne6
16. hxg6 hxg6 17. O-O-O Nf4 18. Nh4 Qd7 19. Bf3 Rh8 20. Ne2 Nxe2+ 21. Qxe2 b5
22. Rh2 b4 23. exf5 Nxf5 24. Nxf5+ gxf5 25. Bxb7 Qxb7 26. Rxh8 Rxh8 27. f4 Qd5
28. c4 bxc3 29. bxc3 Rh1 30. fxe5 Rxd1+ 31. Kxd1 dxe5 32. c4 Qd4 33. Qh5 Qxd3+
34. Ke1 Qb1+ 35. Kd2 Qxa2+ 36. Ke1 Qb1+ 37. Ke2 Qc2+ 38. Ke1 Qc1+ 39. Kf2 Qd2+
40. Kf1 Qf4+ 41. Ke1 Qe4+ 42. Kf2 Qc6 43. Qh2 Qe6 44. Kf3 a5 45. Kg3 a4 46. Qb2
Kg6 47. Kh4 Qxc4+ 0-1

[Event "Veletrzni turnaj 2017 A "]
[Site "SÅ  informatiky, poÅ¡tovnictvÃ"]
[Date "2017.08.29"]
[Round "4.8"]
[White "Glozar, Petr"]
[Black "Popper, TomÃ¡Å¡"]
[Result "0-1"]
[WhiteElo "1740"]
[BlackElo "2025"]
[PlyCount "48"]
[EventDate "2017.08.27"]

1. e4 d6 2. d4 Nf6 3. Nc3 g6 4. Nf3 Bg7 5. Bc4 O-O 6. O-O c6 7. Bb3 b5 8. a3
Qc7 9. d5 a6 10. Re1 c5 11. e5 Nh5 12. e6 c4 13. Ba2 h6 14. g4 Nf6 15. g5 Ng4
16. h3 Ne5 17. Nxe5 Bxe5 18. gxh6 fxe6 19. Qg4 Kh7 20. dxe6 Bxc3 21. bxc3 Bb7
22. Qd4 Rf6 23. f3 Nc6 24. Qf2 Ne5 0-1

[Event "Veletrzni turnaj 2017 A "]
[Site "SÅ  informatiky, poÅ¡tovnictvÃ"]
[Date "2017.08.29"]
[Round "4.9"]
[White "Stehlik, Jiri"]
[Black "Straka, Vojtech"]
[Result "0-1"]
[WhiteElo "1989"]
[BlackElo "1830"]
[PlyCount "156"]
[EventDate "2017.08.27"]

1. Nf3 d5 2. d4 Nf6 3. c4 c6 4. Nbd2 Nbd7 5. g3 g6 6. b3 Bg7 7. Bb2 Ne4 8. Bg2
O-O 9. O-O Ndf6 10. Ne5 Qa5 11. Nb1 Bh6 12. e3 Be6 13. c5 Qc7 14. Qe2 Nd7 15.
Nd3 f5 16. f3 Nef6 17. Nd2 Rae8 18. b4 Nh5 19. Nf4 Nxf4 20. exf4 Bf7 21. Bh3
Nf6 22. Rfe1 e6 23. a4 Bg7 24. b5 Nd7 25. Nb3 h6 26. Qd2 Bf6 27. Rac1 g5 28.
fxg5 hxg5 29. Re2 Kg7 30. Rce1 Rh8 31. Bf1 Rh6 32. Rf2 Reh8 33. Bc3 Qxg3+ 34.
Rg2 Qxf3 35. Qd3 Rh3 36. Qxf3 Rxf3 37. Rg3 Rxg3+ 38. hxg3 Re8 39. Bd3 Bg6 40.
Kg2 e5 41. dxe5 Nxe5 42. Be2 Nd3 43. Bxd3 Bxc3 44. Rxe8 Bxe8 45. Bxf5 cxb5 46.
axb5 Bxb5 47. Kf3 Bc4 48. Nc1 Bd4 49. Bc8 Bxc5 50. Bxb7 Kf6 51. Ne2 Bxe2+ 52.
Kxe2 Ke5 53. Kd3 a5 54. Bc6 Bf2 55. g4 Kf4 56. Bd7 Bc5 57. Ke2 Ke4 58. Bc6 Kd4
59. Kd2 Bb4+ 60. Kc2 Kc4 61. Bd7 Bc3 62. Bc6 d4 63. Be4 a4 64. Bf5 Kd5 65. Bg6
Ke5 66. Kd3 a3 67. Bf7 Kf4 68. Be6 Kf3 69. Kc2 Ke2 70. Bc4+ Ke3 71. Kd1 d3 72.
Be6 Kf4 73. Kc1 Kf3 74. Kd1 Kg3 75. Kc1 Kf4 76. Kd1 Kf3 77. Kc1 Ke2 78. Bc4 a2
0-1

[Event "Veletrzni turnaj 2017 A "]
[Site "SÅ  informatiky, poÅ¡tovnictvÃ"]
[Date "2017.08.29"]
[Round "4.10"]
[White "Rehurek, Karel"]
[Black "Habina, Martin"]
[Result "0-1"]
[WhiteElo "1826"]
[BlackElo "1972"]
[PlyCount "84"]
[EventDate "2017.08.27"]

1. e4 c5 2. Nc3 Nc6 3. g3 e6 4. Bg2 Nf6 5. d3 d5 6. exd5 Nxd5 7. Bd2 Be7 8.
Nge2 O-O 9. O-O Nxc3 10. Nxc3 Bd7 11. Bf4 e5 12. Be3 Nd4 13. Ne4 f5 14. Nd2 Bc6
15. Bxc6 Nxc6 16. Nb3 b6 17. f4 Qd5 18. Qf3 Qxf3 19. Rxf3 Rae8 20. fxe5 Nxe5
21. Rff1 Bf6 22. Rae1 g6 23. d4 Ng4 24. Bf4 cxd4 25. Bd6 Rxe1 26. Rxe1 Rc8 27.
h3 Ne3 28. c3 Nc4 29. Bf4 dxc3 30. bxc3 Bxc3 31. Rc1 Bf6 32. Nd2 Nd6 33. Rxc8+
Nxc8 34. Nc4 Kf7 35. Kf2 Bd4+ 36. Ke2 Ke6 37. Kd3 Bc5 38. Nb2 Kd5 39. Na4 Bd6
40. Nc3+ Ke6 41. Ne2 Bxf4 42. Nxf4+ Ke5 0-1

[Event "Veletrzni turnaj 2017 A "]
[Site "SÅ  informatiky, poÅ¡tovnictvÃ"]
[Date "2017.08.29"]
[Round "4.11"]
[White "Macurek, Miloslav"]
[Black "Chudinovskikh, Alexander M"]
[Result "1/2-1/2"]
[WhiteElo "1854"]
[BlackElo "2229"]
[PlyCount "66"]
[EventDate "2017.08.27"]

1. e4 e5 2. Nf3 Nc6 3. d4 exd4 4. Nxd4 d6 5. Nxc6 bxc6 6. b3 Nf6 7. Bd3 g6 8.
Bb2 Bg7 9. Nd2 O-O 10. Qf3 Re8 11. O-O-O Bg4 12. Bxf6 Qxf6 13. Qxf6 Bxf6 14. f3
Bd7 15. Bc4 Re7 16. Rhe1 Rae8 17. Re2 d5 18. Bd3 Be5 19. g3 g5 20. exd5 cxd5
21. Rde1 Kf8 22. c4 c6 23. Bxh7 Bb2+ 24. Kd1 Rxe2 25. Rxe2 Rxe2 26. Kxe2 f5 27.
Bg6 Kg7 28. Bh5 Kf6 29. Kd3 Be5 30. b4 Kg7 31. a4 Kh6 32. Bf7 Kg7 33. Bh5 Kh6
1/2-1/2

[Event "Veletrzni turnaj 2017 A "]
[Site "SÅ  informatiky, poÅ¡tovnictvÃ"]
[Date "2017.08.29"]
[Round "4.12"]
[White "Zpevakova, Jana"]
[Black "Pelikan, Jaromir"]
[Result "1-0"]
[WhiteElo "2134"]
[BlackElo "1822"]
[PlyCount "49"]
[EventDate "2017.08.27"]

1. d4 Nf6 2. c4 g6 3. Nc3 d5 4. cxd5 Nxd5 5. Bd2 Nb6 6. Nf3 Bg7 7. e3 O-O 8.
Rc1 Nc6 9. Bb5 Nb4 10. O-O a6 11. Be2 Nc6 12. Ne4 e5 13. dxe5 Nxe5 14. Nd4 Qe7
15. Nc5 c6 16. Qb3 Nd5 17. e4 Nf6 18. Bb4 Qc7 19. f4 Ned7 20. e5 Nd5 21. Nxd7
Qxd7 22. Bxf8 Bxf8 23. Kh1 Nxf4 24. Rxf4 Bh6 25. Rxf7 1-0